Elaboración de texto y guía para las escuelas indígenas de Talamanca (Atlántico) Yëjkuö al attsítsi- a

Zapisane w:
Opis bibliograficzny
1. autor: Gudiño Fernández, Patricia
Format: Książka
Język:Undetermined
Wydane: San José, Costa Rica Escuela de Filología, Lingüística y Literatura,Universidad de Costa Rica 1980
Hasła przedmiotowe:
Etykiety: Dodaj etykietę
Nie ma etykietki, Dołącz pierwszą etykiete!

MARC

LEADER 00000nam a2200000Ia 4500
008 170316s9999 xx 000 0 und d
040 |a cru BVZT 
090 |a TESIS 7 
100 |a Gudiño Fernández, Patricia 
245 |a Elaboración de texto y guía para las escuelas indígenas de Talamanca (Atlántico) Yëjkuö al attsítsi- a 
260 |a San José, Costa Rica 
260 |b Escuela de Filología, Lingüística y Literatura,Universidad de Costa Rica 
260 |c 1980 
300 |a 110 páginas 
650 |a LICENCIATURA EN FILOLOGÍA LINGÜÍSTICA Y LITERATURA 
650 |a TRABAJO FINAL DE GRADUACIÓN 
999 |c 14356  |d 14356 
942 |c TFG  |h TESIS 7  |2 z